| 000 | 01293nac a22002411u 4500 | ||
|---|---|---|---|
| 010 | _a 2005021323 | ||
| 020 | _a0321349954 (hc. : alk. paper) | ||
| 082 | 0 | 0 |
_a005.8 _bDWI |
| 090 |
_c9131 _d9131 |
||
| 100 | _aDwivedi, Himanshu. | ||
| 245 | 1 | 0 |
_aSecuring storage : a practical guide to SAN and NAS security / _cHimanshu Dwivedi. |
| 260 |
_aUpper Saddle River, NJ : _bAddison-Wesley,c2006. _cc2006. |
||
| 300 |
_axxxii, 526 p. : _bill. ; _c24 cm. |
||
| 500 | _aIncludes index. | ||
| 500 | _aDistributer: Al-Ahram. | ||
| 505 | 0 | _aIntroduction to storage security -- SANs: Fibre Channel security -- SANs: LUN masking and HBA security -- SANs: zone and switch security -- NAS security -- NAS: CIFS security -- NAS: NFS security -- SANs: iSCSI security -- Securing Fibre Channel SANs -- Securing NAS -- Securing iSCSI -- Compliance, regulation, and storage -- Auditing and securing storage devices -- Storage security case studies. | |
| 511 | _aCatalogued By: Mahitab. | ||
| 650 | 0 |
_aStorage area networks (Computer networks) _xSecurity measures. |
|
| 650 | 0 | _aFibre Channel (Standard) | |
| 650 | 0 | _aiSCSI (Computer network protocol) | |
| 856 | 4 | 1 |
_3Table of contents _uhttp://www.loc.gov/catdir/toc/ecip0516/2005021323.html |
| 942 |
_cBB _k005.8DWI |
||
| 999 |
_c9131 _d9131 |
||